Pokémon de A à Z - #1 - Statistiques

Statistiques générales
  • Ce quiz a été pris 503 fois
    475 depuis la dernière actualisation
  • Le résultat moyen est 14 sur 26
Statistiques - réponses
Description Réponse % Correct
A Dieu des Pokémon à l'origine de toute la création Arceus
98%
D Mécanique phare des jeux Épée & Bouclier, rendant les Pokémon gigantesques et leur conférant des boost de statistiques. Dynamax
83%
Q Capacité de type Acier, souvent utilisée par le Pikachu de Sacha Queue de Fer
82%
N Entreprise qui édite et distribue les jeux Pokémon Nintendo
81%
U Région dans laquelle se déroule les jeux Pokémon Noir & Blanc, inspirée de New York Unys
76%
X Pokémon légendaire de la 6ème génération qui apparait sur la jaquette de Pokémon X Xerneas
74%
I Valeurs cachées allant de 0 à 31, inhérentes à chaque Pokémon, et qui déterminent une partie de leur statistiques I.V.
73%
J Personnage récurrent de l'anime dont s'éprend Pierre (2 réponses possibles) Joëlle/Jenny
71%
H Chef de la Team Galaxie, qui terrorise la région de Sinnoh dans les jeux Diamant, Perle & Platine Hélio
66%
L Attaque lancée par un pokémon qui ne possède plus de PP (Points de Pouvoir) sur aucune de ses capacités Lutte
66%
B Officier des forces de police internationale, il est le personnage qui apparait dans le plus de jeux de la franchise (6 !) Beladonis
64%
Z Nom de la zone au fond du cratère au centre de la région de Paldea, dans Pokémon Violet & Écarlate Zone Zéro
59%
P Pokémon dont l'apparition aurait provoqué des crises d'épilepsies chez près de 700 enfants japonais lors de la diffusion d'un épisode de l'anime en 1997 Porygon
58%
E Capacité ayant la plus haute puissance de base (250) Explosion
57%
C Pokémon le plus lourd, techniquement 10 fois plus dense que l'osmium, l'élément chimique le plus dense sur terre Cosmovum
56%
S Mécanique qui booste les dégâts d'une attaque de 50% quand celle-ci est du même type que le Pokémon qui la lance STAB
54%
M Pokémon "glitch" le plus célèbre, unique à la première génération, dû à des vides dans l'index interne où sont stockés les données du pokédex MissingNo.
50%
G Capacité de type normal qui, si elle touche sa cible, la met K.O. en un coup Guillotine
46%
K Pokémon dont la représentation en cartes à jouer a été bannie entre 2000 et 2020 Kadabra
39%
O Ville de la région de Johto, célèbre pour son phare et son embarcadère de ferries Oliville
38%
F Gamin situé sur la route 30 de Johto, qui ne manque pas d'appeler le joueur pour lui parler de son Rattata dont il est particulièrement fier Farouk
33%
R Pokémon possédant la plus haute statistique de vitesse de base Regieleki
33%
T Créateur du concept de Pokémon, inspiré par sa passion de la chasse aux insectes (Satoshi) Tajiri
21%
W Plus grande ville de la région de Galar, située à l'extrême nord de l'île, qui est la représentation de Londres Winscor
20%
V Sous-directrice de la fondation Æther de Pokémon Soleil & Lune, d'un caractère aimant et maternel. Vicky
19%
Y Nom du dessinateur du manga Pokémon Adventures depuis 2001 (Satoshi) Yamamoto
5%
Aucun quiz correspondant
Distribution des résultats
% des personnes avec chaque résultat
Percentile par nombre de réponses
Votre historique - résultats
Vous n’avez pas pris ce quiz depuis la dernière actualisation